000 00495nam a22001937a 4500
003 OSt
005 20180116183032.0
008 151222b xxu||||| |||| 00| 0 eng d
020 _a05-379-91-1
024 _205-379-91-1
040 _cLahore LUMS
082 _a174.4 LUM 1991
100 _aKhan W M
245 _aSALEEM AHMAD
_cKhan W M
260 _aLahore LUMS
_b Lahore University of Management Sciences
_c1991
300 _a5 p.
_bPapers
440 _aSALEEM AHMAD
942 _2ddc
_cCS
999 _c351064
_d351064